Účtovanie rozpočtových príjmov na príjmových rozpočtových účtoch

Uložené v:
Podrobná bibliografia
Hlavný autor: Kovalčíková, Antónia
Médium: Kapitola
Jazyk:Slovak
Tagy: Pridať tag
Žiadne tagy, Buďte prvý, kto otaguje tento záznam!

MARC

LEADER 00000naa$a2200000$$$4500
001 0065279
005 20240502071754.7
041 0 |a slo 
044 |a SK 
245 1 0 |a Účtovanie rozpočtových príjmov na príjmových rozpočtových účtoch  |c Antónia Kovalčíková 
100 1 |a Kovalčíková, Antónia